000 00262nam a2200109Ia 4500
008 200302s9999 xx 000 0 und d
100 _aM G Shah & C M Kale
245 _aRCC Theory And Design
260 _bTrinity Press Ltd.,
260 _c2015
300 _a400 P.,
999 _c4212
_d4212